Fundamentals of polymer processing /

Guardado en:
Autor Principal: Middleman, Stanley.
Formato: Libro
Idioma:English
Publicado: New York : McGraw-Hill, c1977.
Materias:
Etiquetas: Agregar Etiqueta
Sin Etiquetas, Sea el primero en etiquetar este registro!
LEADER 00647cam a22002055a 4500
001 EIQ.libpla003586
008 761013s1977####nyua#####b####001#0#eng#d
005 20080215171706.0
245 1 0 |a Fundamentals of polymer processing /  |c Stanley Middleman. 
260 |a New York :  |b McGraw-Hill,  |c c1977. 
300 |a xii, 525 p. :  |b il. ;  |c 25 cm. 
504 |a Incluye referencias bibliográficas e índice. 
020 |a 0070418519 
100 1 |a Middleman, Stanley. 
082 0 0 |a 668 
650 4 |a Polímeros  |x Procesos. 
650 4 |a Polymers  |x Processes. 
010 |a  76048323  
040 |a DLC  |c DLC  |d AR-BbSID 
859 |a AR-BbSID  |b BIB. PLAPIQUI  |h 668  |i M 584  |p 1183